Introductory econometrics : a modern approach /

Dettagli Bibliografici
Autore principale: Wooldridge, Jeffrey M., 1960-
Natura: Libro
Lingua:English
Pubblicazione: Mason, OH : South Western, Cengage Learning, c2009.
Edizione:Fourth edition.
Soggetti:
Classic Catalogue: View this record in Classic Catalogue
LEADER 01687nam a2200349 a 4500
001 0020823
003 BD-DhAAL
008 100823s2009 ohua b 001 0 eng d
010 |a  2008921832  |z  2007942361 
020 |a 9780324581621 (student ed. package) 
020 |a 0324581629 (student ed. package) 
020 |a 9780324660609 (access code card) 
020 |a 032466060X (access code card) 
020 |a 9780324660548 (student ed.) 
020 |a 0324660545 (student ed.) 
040 |a DLC  |c DLC  |d DLC  |d BD-DhAAL 
082 0 0 |a 330.015195  |2 22 
100 1 |a Wooldridge, Jeffrey M.,  |d 1960- 
245 1 0 |a Introductory econometrics :  |b a modern approach /  |c Jeffrey M. Wooldridge. 
250 |a Fourth edition. 
260 |a Mason, OH :  |b South Western, Cengage Learning,  |c c2009. 
300 |a xx, 865 p. :  |b ill. ;  |c 25 cm. +  |e 1 access code card. 
500 |a Access code card to eResources: Data sets, Solutions manual, and EconApps included. 
504 |a Includes bibliographical references and index. 
526 |a ESS  |x A K Iftekharul Haque Lecturer Department of Economics and Social Sciences (ESS) BRAC University Course No. ECO 303 
541 1 |e 0020823  |a Trim Education 
650 0 |a Econometrics. 
650 0 |a Economics. 
852 4 |a Ayesha Abed Library   |c General Stacks 
942 |2 ddc  |c BK 
999 |c 9303  |d 9303 
952 |0 0  |1 0  |2 ddc  |4 0  |6 330_015195000000000_WOO_2009  |7 0  |9 11695  |a BRACUL  |b BRACUL  |c GEN  |d 2010-08-23  |e Trim Education  |g 14550.00  |l 11  |m 121  |o 330.015195 WOO  |p 3010020823  |r 2023-07-05  |s 2022-07-16  |t 1  |v 29100.00  |w 2010-08-23  |y BK  |x Requisitioned by A K Iftekharul Haque (Lecturer, Department of Economics and Social Sciences (ESS), BRAC University) for the course no. - ECO 303